| 000 | 00438 a2200169 4500 | ||
|---|---|---|---|
| 001 | 068277 | ||
| 003 | OSt | ||
| 005 | 20220215165112.0 | ||
| 008 | |||
| 082 |
_a515 _bB76F |
||
| 100 | 1 | _aBridges, Douglas S. | |
| 245 | 1 |
_aFoundations of real and abstract analysis _cby Douglas S. Bridges |
|
| 260 |
_aNew York _bSpringer _c1998 |
||
| 300 | _a322p. | ||
| 653 | _aMathematical analysis | ||
| 942 |
_2ddc _cBK |
||
| 999 |
_c1978 _d1978 |
||